Biggest Cities by Letter - Extreme - Statistics

General Stats
  • This quiz has been taken 32 times
  • The average score is 123 of 243
Answer Stats
Letter Country Population Answer % Correct
B6 United States 7.70 mil Boston
96%
B3 Argentina 16.7 mil Buenos Aires
96%
A5 United States 6.10 mil Atlanta
92%
B2 China 21.2 mil Beijing
92%
O1 Japan 17.7 mil Osaka
92%
A7 Turkey 5.15 mil Ankara
88%
C1 Egypt 22.5 mil Cairo
88%
C6 United States 9.65 mil Chicago
88%
L2 United States 17.2 mil Los Angeles
88%
M5 Spain 6.65 mil Madrid
88%
M4 Russia 19.1 mil Moscow
88%
S2 South Korea 25.1 mil Seoul
88%
T1 Japan 41.0 mil Tokyo
88%
W2 United States 8.55 mil Washington D.C.
88%
B1 Thailand 21.2 mil Bangkok
83%
B5 Colombia 10.4 mil Bogotá
83%
D2 Bangladesh 22.5 mil Dhaka
83%
G1 China 70.1 mil Guangzhou / Shenzhen
83%
H7 United States 7.05 mil Houston
83%
I1 Turkey 15.9 mil Istanbul
83%
J1 Indonesia 29.2 mil Jakarta
83%
K2 India 17.7 mil Kolkata
83%
L3 United Kingdom 14.9 mil London
83%
M3 Mexico 25.1 mil Mexico City
83%
N1 United States 22.0 mil New York City
83%
S1 China 40.8 mil Shanghai / Suzhou
83%
B10 Brazil 4.93 mil Belo Horizonte
79%
C2 China 17.3 mil Chengdu
79%
D3 United States 7.65 mil Dallas
79%
H2 Vietnam 13.9 mil Ho Chi Minh City
79%
H5 China 7.25 mil Hong Kong
79%
J2 South Africa 14.6 mil Johannesburg
79%
K1 Pakistan 20.9 mil Karachi
79%
K5 Sudan 7.05 mil Khartoum
79%
K3 D. R. Congo 15.6 mil Kinshasa
79%
L1 Nigeria 20.7 mil Lagos
79%
M1 Philippines 27.2 mil Manila
79%
M2 India 27.1 mil Mumbai
79%
O2 United States 3.80 mil Orlando
79%
P1 France 11.5 mil Paris
79%
P3 United States 7.50 mil Philadelphia
79%
S3 Brazil 22.1 mil São Paulo
79%
T2 Iran 16.5 mil Tehran
79%
T5 Canada 7.70 mil Toronto
79%
X1 China 12.8 mil Xi'an
79%
A2 Ivory Coast 6.80 mil Abidjan
75%
A3 Ghana 6.60 mil Accra
75%
A1 India 9.60 mil Ahmedabad
75%
A9 Algeria 4.25 mil Algiers
75%
A6 Jordan 6.00 mil Amman
75%
C9 South Africa 4.98 mil Cape Town
75%
C3 India 12.6 mil Chennai
75%
D8 Senegal 3.93 mil Dakar
75%
D4 Tanzania 6.25 mil Dar es Salaam
75%
D1 India 34.6 mil Delhi
75%
D10 United States 3.85 mil Denver
75%
K4 Malaysia 9.30 mil Kuala Lumpur
75%
L4 Pakistan 14.5 mil Lahore
75%
L5 Peru 11.8 mil Lima
75%
N5 Kenya 6.70 mil Nairobi
75%
Q1 Ecuador 2.83 mil Quito
75%
R1 Brazil 12.5 mil Rio de Janeiro
75%
R2 Saudi Arabia 7.50 mil Riyadh
75%
S10 Russia 6.50 mil Saint Petersburg
75%
S9 United States 7.45 mil San Francisco
75%
S5 Chile 8.25 mil Santiago
75%
V1 Canada 3.08 mil Vancouver
75%
W3 China 12.2 mil Wuhan
75%
X2 China 14.9 mil Xiamen
75%
A4 Egypt 6.20 mil Alexandria
71%
B7 Iraq 7.65 mil Baghdad
71%
B4 India 14.2 mil Bangalore
71%
G2 Mexico 5.85 mil Guadalajara
71%
H1 China 13.9 mil Hangzhou
71%
H6 Vietnam 7.15 mil Hanoi
71%
H8 China 5.45 mil Harbin
71%
M6 United States 6.30 mil Miami
71%
N2 Japan 10.5 mil Nagoya
71%
N3 China 9.30 mil Nanjing
71%
P4 United States 4.90 mil Phoenix
71%
P8 North Korea 3.00 mil Pyongyang
71%
S7 Singapore 7.85 mil Singapore
71%
T4 Taiwan 9.95 mil Taipei
71%
A8 Ethiopia 4.73 mil Addis Ababa
67%
B8 Indonesia 6.95 mil Bandung
67%
C5 China 10.9 mil Chongqing
67%
D6 United States 5.75 mil Detroit
67%
D5 United Arab Emirates 5.95 mil Dubai
67%
E1 Canada 1.45 mil Edmonton
67%
I6 Turkey 3.00 mil Izmir
67%
M9 Australia 5.00 mil Melbourne
67%
M10 Canada 4.43 mil Montreal
67%
W1 Poland 2.59 mil Warsaw
67%
Y1 Myanmar 6.15 mil Yangon
67%
A10 Greece 3.58 mil Athens
63%
C4 China 11.0 mil Changsha
63%
D9 Syria 3.88 mil Damascus
63%
F3 Brazil 3.58 mil Fortaleza
63%
G4 Guatemala 3.35 mil Guatemala City
63%
H3 India 11.4 mil Hyderabad
63%
J4 India 4.40 mil Jaipur
63%
O8 United States 1.20 mil Oklahoma City
63%
R7 Morocco 2.15 mil Rabat
63%
R5 Italy 3.43 mil Rome
63%
U2 China 4.85 mil Ürümqi
63%
V4 Austria 2.35 mil Vienna
63%
D7 China 5.30 mil Dalian
58%
F5 Japan 2.83 mil Fukuoka
58%
J8 United States 2.08 mil Jacksonville
58%
K8 Afghanistan 5.05 mil Kabul
58%
K10 Uganda 4.13 mil Kampala
58%
L6 Angola 9.35 mil Luanda
58%
M7 Italy 6.10 mil Milan
58%
M8 Mexico 6.00 mil Monterrey
58%
O6 Canada 1.33 mil Ottawa
58%
Q2 China 7.45 mil Qingdao
58%
R4 Brazil 3.68 mil Recife
58%
T3 China 11.5 mil Tianjin
58%
U1 Mongolia 1.55 mil Ulaanbaatar
58%
Z1 China 9.80 mil Zhengzhou
58%
G5 Ecuador 3.30 mil Guayaquil
54%
H4 China 7.80 mil Hefei
54%
I5 Nigeria 3.32 mil Ibadan
54%
K7 Nigeria 5.20 mil Kano
54%
N6 China 5.30 mil Nanning
54%
O7 Norway 1.26 mil Oslo
54%
O3 Burkina Faso 3.30 mil Ouagadougou
54%
P2 India 7.75 mil Pune
54%
T7 United States 4.93 mil Tampa
54%
Y2 Cameroon 3.83 mil Yaoundé
54%
Y10 Armenia 1.52 mil Yerevan
54%
B9 Mali 5.45 mil Bamako
50%
C8 Bangladesh 5.00 mil Chittagong
50%
F4 Germany 3.30 mil Frankfurt
50%
I3 India 3.6 mil Indore
50%
J5 Saudi Arabia 3.93 mil Jeddah
50%
L8 India 4.13 mil Lucknow
50%
N8 Italy 4.05 mil Naples
50%
P10 Cambodia 2.83 mil Phnom Penh
50%
P6 Brazil 3.93 mil Porto Alegre
50%
S4 China 8.70 mil Shenyang
50%
S8 India 7.75 mil Surat
50%
T9 Israel 2.95 mil Tel Aviv
50%
V6 Venezuela 2.08 mil Valencia
50%
V8 Spain 1.92 mil Valencia
50%
Z7 Switzerland 1.49 mil Zurich
50%
F2 Pakistan 4.05 mil Faisalabad
46%
F7 Morocco 1.35 mil Fes
46%
F6 Sierra Leone 1.38 mil Freetown
46%
F1 China 4.65 mil Fuzhou
46%
I7 United States 2,.10 mil Indianapolis
46%
J3 China 6.55 mil Jinan
46%
K9 Kuwait 4.78 mil Kuwait City
46%
P5 Mexico 4.23 mil Puebla
46%
S6 China 8.00 mil Shantou
46%
T6 China 5.95 mil Taiyuan
46%
W4 China 5.19 mil Wenzhou
46%
C7 China 5.05 mil Changchun
42%
E4 United States 1.02 mil El Paso
42%
H9 Germany 2.93 mil Hamburg
42%
I4 Iran 3.37 mil Isfahan
42%
K6 China 6.50 mil Kunming
42%
N9 India 3.50 mil Nagpur
42%
N4 China 7.30 mil Ningbo
42%
R6 Netherlands 3.40 mil Rotterdam
42%
V7 India 2.08 mil Varanasi
42%
Z2 China 3.88 mil Zibo
42%
P9 India 2.90 mil Patna
38%
P7 Haiti 3.63 mil Port-au-Prince
38%
R3 Pakistan 3.80 mil Rawalpindi
38%
T8 Uzbekistan 3.78 mil Tashkent
38%
C10 Sri Lanka 4.93 mil Colombo
33%
N7 China 4.98 mil Nanchang
33%
Q3 Iran 1.42 mil Qom
33%
E2 Iraq 1.17 mil Erbil
29%
G10 Malaysia 2.05 mil George Town
29%
G3 China 5.05 mil Guiyang
29%
G6 Pakistan 3.15 mil Gujranwala
29%
L10 China 3.50 mil Lanzhou
29%
O10 Russia 1.16 mil Omsk
29%
O5 Algeria 1.60 mil Oran
29%
V3 India 2.40 mil Vadodara
29%
Q4 Pakistan 1.24 mil Quetta
25%
R8 India 2.15 mil Rajkot
25%
R9 United States 1.81 mil Raleigh
25%
U3 Russia 1.23 mil Ufa
25%
X3 China 3.08 mil Xuzhou
25%
Y7 Russia 1.86 mil Yekaterinburg
25%
F9 Brazil 1.17 mil Florianopolis
21%
G7 Brazil 2.45 mil Goiânia
21%
L9 China 3.60 mil Luoyang
21%
N10 China 3.35 mil Nantong
21%
O9 Nigeria 1.20 mil Onitsha
21%
Q5 Mexico 1.69 mil Querétaro
21%
V10 United States 1.65 mil Virginia Beach
21%
V2 India 2.43 mil Visakhapatnam
21%
Y4 China 2.50 mil Yantai
21%
F10 United States 1.00 mil Fresno
17%
G8 Palestinian territories 2.20 mil Gaza
17%
L7 China 4.45 mil Linyi
17%
Q6 China 1.03 mil Qiqihar
17%
T10 Taiwan 2.78 mil Taichung
17%
U4 South Korea 1.08 mil Ulsan
17%
V9 Brazil 1.80 mil Vitória
17%
W6 China 1.79 mil Wuhu
17%
X4 China 2.18 mil Xining
17%
J10 India 1.80 mil Jamshedpur
13%
O4 Japan 2.18 mil Okayama
13%
V5 India 2.28 mil Vijayawada
13%
Y6 China 2.25 mil Yangzhou
13%
E3 China 1.16 mil Ezhou
8%
G9 China 2.08 mil Ganzhou
8%
I8 Nigeria 1.13 mil Ilorin
8%
J6 China 3.10 mil Jiangyin
8%
J7 China 2.18 mil Jiaxing
8%
J9 China 1.84 mil Jining
8%
Q7 China 1.30 mil Qingyuan
8%
R10 India 1.59 mil Ranchi
8%
X7 China 1.64 mil Xingtai
8%
X8 China 1.18 mil Xinyang
8%
Y8 Indonesia 1.78 mil Yogyakarta
8%
Z5 China 1.84 mil Zaozhuang
8%
Z6 China 1.84 mil Zhanjiang
8%
Z10 China 1.13 mil Zhaoqing
8%
F8 China 1.35 mil Fuyang
4%
H10 China 2.83 mil Handan
4%
Q8 China 1.68 mil Qinhuangdao
4%
Q9 China 1.10 mil Qujing
4%
W7 China 1.16 mil Wanzhou
4%
W9 India 1.08 mil Warangal
4%
W5 China 3.18 mil Weifang
4%
W8 China 1.47 mil Weihai
4%
X6 China 1.77 mil Xiangyang
4%
X5 China 2.60 mil Xinxiang
4%
X9 China 1.36 mil Xuchang
4%
Y5 China 2.40 mil Yinchuan
4%
Y3 China 2.58 mil Yiwu
4%
Y9 China 1.54 mil Yulin
4%
Z8 China 1.43 mil Zhangjiakou
4%
Z9 China 1.19 mil Zhenjiang
4%
Z3 China 2.55 mil Zhuhai
4%
Z4 China 1.94 mil Zunyi
4%
I9 Jordan 1.10 mil Irbid
0%
No matching quizzes found
Score Distribution
Percent of People with Each Score
Percentile by Number Answered
Your Score History
You have not taken this quiz